Classes of Vertebrates - Statistics

General Stats
  • This quiz has been taken 45 times
  • The average score is 5 of 8
Answer Stats
Description Class % Correct
Live in water and on land, have 4 limbs that evolved from fins Amphibia
93%
Distinguished by possesion of hair, 3 middle ear bones and mammary glands Mammalia
93%
Cold blooded, have 4 limbs, lay eggs Reptilia
93%
Technically a subgroup of reptiles, have feathers, toothless beaked jaws and lay eggs Aves
90%
Slime producing marine fish, have a skull but no vertebral column Myxini
45%
Cartilaginous fishes, have jaws, paired fins, scales and no bone Chondrichthyes
20%
Bony fishes, cold blooded, use gills for breathing and fins for swimming Osteichthyes
20%
Armored, jawless fishes, thought to be extinct Cephalospidomorphi
0%
No matching quizzes found
Score Distribution
Percent of People with Each Score
Percentile by Number Answered
Your Score History
You have not taken this quiz